[Event "Høstturneringen 2021"]
[Site "Ås, Viken NOR"]
[Date "2021.10.28"]
[Round "1"]
[White "Aamodt, Peder Marcus"]
[Black "Olsen, Trygve"]
[Result "1-0"]
[WhiteElo "1808"]
[BlackElo "1498"]
[PlyCount "145"]
[EventDate "2021.10.28"]

1. e4 c5 2. Nf3 Nc6 3. Nc3 g6 4. Bb5 Bg7 5. O-O e5 6. d3 Nge7 7. Re1 Nd4 8. Bc4
Ne6 9. Nd5 O-O 10. a3 Nxd5 11. exd5 Nf4 12. Nxe5 d6 13. Bxf4 dxe5 14. Bxe5 Bxe5
15. Rxe5 Qf6 16. Qe2 Bf5 17. Re1 Qd6 18. Qd2 Kg7 19. Qc3 Qf6 20. h3 Bd7 21. Re7
Qxc3 22. bxc3 Rad8 23. Rb1 b6 24. Bb5 Bxb5 25. Rxb5 Ra8 26. d4 cxd4 27. cxd4
Rfd8 28. c4 Kf6 29. Rc7 Rdc8 30. Rxc8 Rxc8 31. c5 bxc5 32. dxc5 Ke5 33. d6 Ke6
34. Ra5 a6 35. Kf1 Rc6 36. Ke2 f5 37. Kd3 g5 38. Kd4 h5 39. Ra4 h4 40. Rc4 a5
41. Ke3 Kd7 42. Kf3 Ke6 43. g3 hxg3 44. fxg3 Rc8 45. Rc3 Kd7 46. Re3 Rxc5 47.
Rd3 Rc4 48. Kf2 a4 49. Kf3 Re4 50. g4 Rf4+ 51. Kg3 fxg4 52. hxg4 Rc4 53. Kf3
Rc6 54. Ke4 Rxd6 55. Rd5 Rxd5 56. Kxd5 Ke7 57. Ke5 Kd7 58. Kf5 Kc6 59. Kxg5 Kc5
60. Kf4 Kc4 61. g5 Kb3 62. g6 Kxa3 63. g7 Kb2 64. g8=Q a3 65. Qb8+ Ka1 66. Qe5+
Kb1 67. Qe1+ Kb2 68. Qd2+ Kb3 69. Qc1 a2 70. Qa1 Ka3 71. Ke3 Kb4 72. Kd3 Ka3
73. Kc4 1-0

[Event "Høstturneringen 2021"]
[Site "Ås, Viken NOR"]
[Date "2021.10.28"]
[Round "1"]
[White "Skaret, Runar"]
[Black "Andersen, Odd"]
[Result "0-1"]
[WhiteElo "1225"]
[BlackElo "1695"]
[Annotator "Skaret, Runar"]
[PlyCount "42"]
[EventDate "2021.10.28"]

1. b3 {Analysert av Runar + Stockfish} e5 2. Bb2 Nc6 3. e3 d5 4. Nf3 Bd6 5. Bb5
Qe7 6. O-O a6 7. Bxc6+ bxc6 8. Nc3 {c4 eller d3 hadde vært bedre. -1,3} Nf6 9.
Re1 Bg4 {Setter trykk på hesten. -0,8} (9... e4 {med angrep mot min svake hest
hadde vært farlig her. -3,6} 10. Ng5 h6 11. Nh3 Bxh3 12. gxh3) 10. e4 d4 11.
Na4 O-O 12. h3 Bh5 13. d3 Qd7 {Hesten min er ikke godt plassert på a4, så jeg
ønsker å manøvrere den til c4, og kanskje løper til d2} 14. Bc1 h6 15. Bd2 {-0,
1} Nh7 16. Nb2 (16. Nxe5 {Jeg så dessverre ikke muligheten for å spille hesten
hit før et par trekk senere. +3,4} Bxe5 17. Qxh5) 16... f5 17. Nc4 {-3,5. Nxe5
hadde gitt -0,9} fxe4 18. Nfxe5 {Endelig finner jeg dette trekket. Men det er
fordi alt holder på å kollapse.} Qf5 {Odd finner det eneste gode trekket. Alle
andre gir 0,0 eller dårligere for svart.} (18... Qe8 19. Ng4) 19. g4 Qxf2+ 20.
Kh1 Qg3 21. gxh5 Rf2 0-1

[Event "Høstturneringen 2021"]
[Site "Ås, Viken NOR"]
[Date "2021.10.28"]
[Round "1"]
[White "Simonsen, Steinar"]
[Black "Innset-Ekkje, Amandus"]
[Result "1-0"]
[WhiteElo "1501"]
[BlackElo "1197"]
[PlyCount "87"]
[EventDate "2021.10.28"]

1. e4 c5 2. Nf3 Nc6 3. Nc3 d6 4. Bb5 Bd7 5. O-O a6 6. Bc4 b5 7. Be2 Nf6 8. d3
g6 9. Re1 Bg7 10. Be3 Ng4 11. Bd2 b4 12. Nd5 Bxb2 13. Rb1 Bg7 14. h3 Nf6 15. c4
e6 16. Ne3 O-O 17. Bc1 Ne8 18. Bb2 e5 19. Nd5 Nc7 20. Qd2 f5 21. Qg5 Qxg5 22.
Nxg5 Nxd5 23. exd5 Nd4 24. Bd1 Bh6 25. Nf3 f4 26. Nxd4 cxd4 27. a3 a5 28. c5
Rfe8 29. c6 Bf5 30. Be2 b3 31. a4 e4 32. dxe4 Bxe4 33. Rbd1 Bxd5 34. Rxd4 Bxc6
35. Bc4+ Kf8 36. Rxe8+ Bxe8 37. Rxd6 Bxa4 38. Rf6+ Ke7 39. Rf7+ Kd6 40. Rxh7
Bf8 41. Ba3+ Ke5 42. Bb2+ Kf5 43. Bd3+ Kg5 44. h4+ {Kluss i notasjonen} 1-0

[Event "Høstturneringen 2021"]
[Site "Ås, Viken NOR"]
[Date "2021.10.28"]
[Round "1"]
[White "Furnes, Torstein"]
[Black "Thowsen, Alf Geir"]
[Result "1-0"]
[WhiteElo "1763"]
[BlackElo "1386"]
[PlyCount "63"]
[EventDate "2021.??.??"]

1. d4 Nf6 2. c4 g6 3. Nc3 Bg7 4. e4 d6 5. Nf3 Bd7 6. Be2 O-O 7. O-O e6 8. Bg5
Qc8 {Dronningen blir kanskje stående litt passivt her.} (8... h6) 9. Qd2 Nc6
10. Bh6 Ng4 (10... e5) 11. Bxg7 Kxg7 12. h3 Nf6 13. e5 Ne8 14. Rad1 f6 15. Rfe1
Ne7 16. b4 Nf5 17. c5 d5 18. Bd3 Ne7 19. exf6+ Rxf6 20. Ne5 a6 21. Ng4 (21. h4)
21... Rf7 22. Qh6+ Kg8 23. Ne5 Rf6 24. g4 Ng7 25. h4 Bb5 26. Nxb5 axb5 27. Rd2
Qe8 28. h5 c6 29. Kg2 Rd8 30. Rh1 Ngf5 31. gxf5 Nxf5 32. Bxf5 1-0

[Event "Høstturneringen 2021"]
[Site "Ås, Viken NOR"]
[Date "2021.10.28"]
[Round "1"]
[White "Heien, Aksel"]
[Black "Johansen, Anders Sten"]
[Result "0-1"]
[WhiteElo "1298"]
[BlackElo "1756"]
[PlyCount "96"]

1. e4 c5 2. d4 cxd4 3. Qxd4 Nc6 4. Qd3 d6 5. Nf3 Nf6 6. Nc3 g6 7. Be2 Bg7 8.
O-O O-O 9. Be3 Bd7 10. Rad1 Qa5 11. a3 Ne5 12. Nxe5 dxe5 13. Bg5 Rfd8 14. Qe3
Bc6 15. Bxf6 Bxf6 16. f4 exf4 17. Qxf4 Qc5+ 18. Kh1 Be8 19. Qf3 Rac8 20. Rxd8
Rxd8 21. Rd1 Rxd1+ 22. Bxd1 Bc6 23. Qd3 Bxc3 24. bxc3 e5 25. c4 Qf2 26. h3 Qe1+
27. Kh2 Bxe4 28. Qd8+ Kg7 29. Qd6 Bc6 30. Qd3 Qf2 31. Qg3 Qxg3+ 32. Kxg3 f5 33.
Kf2 Kf6 34. g3 e4 35. Ke3 Ke5 36. c3 g5 37. Kf2 f4 38. gxf4+ gxf4 39. Bg4 Kd6
40. Bh5 Bd7 41. h4 Be6 42. Be2 Kc5 43. Ke1 Bxc4 44. Bxc4 Kxc4 45. Kd2 e3+ 46.
Ke2 Kxc3 47. Kf3 Kd2 48. Kxf4 e2 0-1

[Event "Høstturneringen 2021"]
[Site "Ås, Viken NOR"]
[Date "2021.11.04"]
[Round "2"]
[White "Johnson, David"]
[Black "Samset, Jon"]
[Result "1-0"]
[WhiteElo "1669"]
[BlackElo "1357"]
[PlyCount "59"]
[EventDate "2021.10.28"]

1. e4 e5 2. Nf3 Nc6 3. Bc4 h6 4. c3 Bc5 5. d4 exd4 6. cxd4 Bb6 7. Nc3 Qe7 8.
O-O d6 9. Nd5 Qd8 10. e5 dxe5 11. Nxb6 axb6 12. d5 Na5 13. Nxe5 Nxc4 14. Nxc4
Ne7 15. d6 Ng6 16. Re1+ Be6 17. Qf3 O-O 18. dxc7 Qxc7 19. b3 Rae8 20. Ba3 Ne7
21. Bd6 Qd8 22. Rad1 Bxc4 23. bxc4 Qd7 24. Kf1 f6 25. Bxe7 Qc8 26. Bxf8 Qxc4+
27. Qd3 Rxe1+ 28. Kxe1 Qe6+ 29. Kf1 Kxf8 30. Qd6+ 1-0

[Event "Høstturneringen 2021"]
[Site "Ås, Viken NOR"]
[Date "2021.11.04"]
[Round "2"]
[White "Andersen, Odd"]
[Black "Bakken, Svein-Erik"]
[Result "1-0"]
[WhiteElo "1695"]
[BlackElo "1590"]
[PlyCount "105"]
[EventDate "2021.10.28"]

1. d4 d5 2. c4 e6 3. Bf4 Nf6 4. Nf3 Bd6 5. Bg3 c6 6. e3 Ne4 7. Bxd6 Qxd6 8.
Nbd2 Nf6 9. Bd3 Nbd7 10. h3 O-O 11. O-O b6 12. Qc2 Bb7 13. a3 Rac8 14. b4 dxc4
15. Nxc4 Qb8 16. Nce5 h6 17. Qb3 Nxe5 18. Nxe5 Kh8 19. Rab1 Rc7 20. Rfc1 Nd7
21. Nxd7 Rxd7 22. Be4 Rd6 23. Rc3 Rfd8 24. Bf3 Qa8 25. Rbc1 Kg8 26. Qc2 b5 27.
Bxc6 a6 28. Bxb7 Qxb7 29. Rc7 Qb6 30. Qc5 Qb8 31. Qh5 R6d7 32. Rxd7 Rxd7 33.
Rc6 Rd5 34. Qe2 Qb7 35. Qc2 Rd8 36. Rc7 Qa8 37. Qc5 Qe4 38. Rc8 Rxc8 39. Qxc8+
Kh7 40. Qxa6 Qb1+ 41. Kh2 Qb2 42. Qxb5 Qxa3 43. Qc4 Qa1 44. Kg3 e5 45. dxe5
Qxe5+ 46. Qf4 Qe6 47. Kf3 g6 48. b5 Qd5+ 49. Kg3 g5 50. Qc7 h5 51. b6 Qf5 52.
b7 h4+ 53. Kh2 1-0

[Event "Høstturneringen 2021"]
[Site "Ås, Viken NOR"]
[Date "2021.11.04"]
[Round "2"]
[White "Brenden, Torbjørn"]
[Black "Aamodt, Peder Marcus"]
[Result "0-1"]
[WhiteElo "1599"]
[BlackElo "1808"]
[Annotator "Aamodt, Peder Marcus"]
[PlyCount "114"]
[EventDate "2021.10.28"]

1. d4 Nf6 2. c4 e6 3. Nc3 Bb4 4. e3 O-O 5. a3 Bxc3+ 6. bxc3 c5 7. Nf3 b6 8. Bd3
Bb7 9. O-O d6 10. Re1 Ne4 11. Qc2 f5 12. Bb2 (12. Nd2 $2 Nxf2 $3 $146 {Vinner
bare med en gang} 13. Kxf2 Qh4+ 14. Kf1 e5 $1 {eneste trekk som opprettholder
fordelen} 15. d5 (15. a4 e4 16. Be2 Qxh2 {og svart sitt angrep er for sterkt})
15... e4 16. Be2 Qxh2 17. Kf2 Qh4+ 18. Kf1 Nd7 $1 {med planen om å gå til e5
og g4}) 12... Nd7 13. Nd2 Nxd2 $146 14. Qxd2 Qg5 15. Bf1 Rad8 (15... Rf6 {var
noe jeg vurderte lenge, men jeg likte ikke helt følgende variant for svart} 16.
f4 Qh5 17. Qe2 Qf7 18. a4 {og jeg syntes tårnet står litt klumsete}) 16. Rad1
h6 (16... Bf3 $1 {var noe jeg så på og her må hvit spille} 17. e4 f4 18. Ra1 {
og her overså jeg} Ne5 {som vinner direkte, fordi man må slå på e5} 19. dxe5 (
19. a4 Bxg2 20. Bxg2 Nf3+) 19... dxe5 20. Qc1 Rf6 {og svart sitt angrep vinner}
) 17. Kh1 Qh4 18. f3 g5 19. Be2 g4 20. Rf1 g3 21. h3 Nf6 22. Kg1 {hindrer Sg4}
Kg7 23. Rfe1 h5 (23... Nh7 {hadde vært mer farlig for hvit}) 24. Bc1 Qg5 $2 {
nå mister svart fordelen sin} (24... Nh7 {dette er igjen ett godt trekk}) 25.
Qd3 Qg6 26. Qc2 Nh7 (26... e5 {var noe jeg vurderte sterkt, men jeg hadde ikke
tid til å regne alle variantene her}) 27. Rf1 Ng5 28. d5 $6 {Nå har hvit
dobbeltbønder i evig tid} e5 29. Bd3 $6 {nå får jeg spilt det jeg har lyst til}
e4 30. fxe4 $4 (30. Be2 {er nok klart det beste trekket}) 30... fxe4 31. Be2
Rf2 32. h4 {Stiller litt ukomfortable spørsmål til svart. Hvit tilbyr også
remis i denne stillingen. Jeg var her i tidsnød og ville ikke ta noen sjanser,
og jeg skjønte at svart sto bedre} Nf7 $6 (32... Nh3+ $1 {var noe jeg så på}
33. gxh3 Rdf8 {dette ser veldig lovende ut for svart}) 33. Rxf2 gxf2+ 34. Kxf2
Ne5 35. Kg1 {Hvit tilbyr remis igjen} Bc8 {Brikkene til svart er så mye bedre
enn brikke til hvit i denne stillingen. Hvit står så trangt} 36. Kh2 Rf8 37.
Rf1 Rxf1 38. Bxf1 Qf6 39. Qe2 (39. Kg1 {hadde vært siste forsøk} Qxh4 40. Qf2
Qxf2+ 41. Kxf2 Kf6 {Svart burde likevel stå til vinst grunnet dobbeltbøndene
til hvit og svartfeltsløperen, som aldri kommer ut}) 39... Qxh4+ 40. Kg1 Ng4
41. g3 Qxg3+ 42. Qg2 Qxg2+ 43. Bxg2 Bf5 44. Bd2 Ne5 45. Kf2 Nxc4 46. Bc1 {nå
er løperen til svart fanget} Kf6 47. Kg3 Kg5 48. a4 h4+ 49. Kh2 Kf6 50. Bh3
Bxh3 51. Kxh3 Kg5 52. Kh2 Kg4 53. Kg2 h3+ 54. Kh2 a5 55. Kg1 Kf3 56. Kh2 Nxe3
57. Kxh3 Nxd5 0-1

[Event "Høstturneringen 2021"]
[Site "Ås, Viken NOR"]
[Date "2021.11.04"]
[Round "2"]
[White "Johansen, Anders Sten"]
[Black "Simonsen, Steinar"]
[Result "0-1"]
[WhiteElo "1756"]
[BlackElo "1501"]
[PlyCount "94"]
[EventDate "2021.10.28"]

1. d4 d5 2. Nf3 Nf6 3. e3 Bg4 4. Bd3 Nc6 5. b3 e5 6. dxe5 Nxe5 7. Bb2 Nxf3+ 8.
gxf3 Be6 9. Nd2 Bd6 10. Qe2 a6 11. O-O-O Qe7 12. Kb1 Ba3 13. Ba1 c5 14. c4 dxc4
15. Nxc4 Bxc4 16. Bxc4 b5 17. Bd3 c4 18. bxc4 Qb4+ 19. Bb2 bxc4 20. Bxc4 Bxb2
21. Bxf7+ Kxf7 22. Qxb2 Qxb2+ 23. Kxb2 Rab8+ 24. Ka1 Rhc8 25. Rd6 a5 26. Rhd1
Rc2 27. R6d2 Rbb2 28. Rxc2 Rxc2 29. Rf1 Nd5 30. Kb1 Rd2 31. Rc1 Rxf2 32. e4 Nb4
33. a3 Nd3 34. Rc7+ Kf6 35. Rc6+ Ke5 36. Rc7 Rb2+ 37. Ka1 Rxh2 38. Rxg7 Kf4 39.
Rf7+ Ke3 40. Rf5 a4 41. Ra5 Rh1+ 42. Ka2 Rh2+ 43. Ka1 Kxf3 44. Rxa4 Rh1+ 45.
Ka2 Rh2+ 46. Ka1 Nc5 47. Rc4 Nb3+ 0-1

[Event "Høstturneringen 2021"]
[Site "Ås, Viken NOR"]
[Date "2021.11.04"]
[Round "2"]
[White "Furnes, Torstein"]
[Black "Lea, Per"]
[Result "1/2-1/2"]
[WhiteElo "1763"]
[BlackElo "1686"]
[Annotator "Furnes, Torstein"]
[PlyCount "70"]
[EventDate "2021.10.28"]

1. d4 Nf6 2. c4 g6 3. Nc3 Bg7 4. e4 d6 5. Nf3 O-O 6. Be2 e5 7. O-O Nbd7 8. Be3
Ng4 9. Bg5 f6 10. Bc1 f5 11. h3 Nh6 12. Bg5 Qe8 13. Re1 (13. Nd5 fxe4 14. Nxc7
Qf7 15. Nxa8 exf3 16. Bxf3 $18) 13... Nf7 14. exf5 Nxg5 15. Nxg5 Rxf5 16. Nf3
c6 17. Bd3 Rh5 18. Ne4 Qf8 19. Ng3 Rh6 20. Bc2 exd4 21. Nxd4 Nb6 22. Qd3 d5 23.
cxd5 Nxd5 24. Bb3 Qd8 25. Rab1 Rh4 26. Nf3 Rf4 27. Qe3 Rf8 28. Red1 Bf5 29.
Nxf5 Rxf5 30. Rd2 Kf8 31. Bxd5 Rxd5 32. Re2 Rd1+ 33. Rxd1 Qxd1+ 34. Re1 Qd7 35.
Ng5 Bf6 {Begge hadde tidsnød her.} (35... Bf6 36. Qf4 Kg7 37. Ne6+ ({Eventuelt
} 37. Nxh7 Kxh7 38. Qxf6 Re8 39. Rxe8 Qxe8) 37... Kf7 38. Nc5 Qd4 39. Qc7+ Kg8
40. Qxb7 Rf8 41. Ne6 Qd2 42. Rf1 Re8 43. Qxc6) 1/2-1/2

[Event "Høstturneringen 2021"]
[Site "Ås, Viken NOR"]
[Date "2021.11.04"]
[Round "2"]
[White "Petersen, Rune J"]
[Black "Skaret, Runar"]
[Result "0-1"]
[WhiteElo "1170"]
[BlackElo "1225"]
[Annotator "Skaret, Runar"]
[PlyCount "122"]
[EventDate "2021.10.28"]

1. d4 {analysert av runar + stockfish} d5 2. Nf3 e6 3. Nc3 {-0,2} c5 {Jeg
burde spilt Sf6 først for å hindre e4. +0,7} 4. e3 {e4 hadde vært bedre. -0,3}
cxd4 5. exd4 {jeg trodde hvits sentrum skulle bli litt svakt, men stockfish
synes dette er greit for hvit. +0,3} Nf6 6. Be2 Nc6 7. O-O a6 8. Bg5 h6 9. Bh4
{-0,3} Be7 {stockfish synes at g5 hadde vært bittelitt bedre, men jeg så ikke
hvordan jeg skulle klare å holde kongen min beskyttet, +0,2} 10. Re1 O-O 11.
Ne5 Nd7 12. Bxe7 Qxe7 13. Nxc6 bxc6 {+0,2} 14. Nb1 {stockfish ikke fan av
dette trekket, ville heller manøvrere hesten til a4 og hindre at jeg spiller
c5. -0,7} Nf6 {men jeg spiller ikke c5. -0,2} 15. c3 a5 16. Nd2 c5 17. Nf3 c4
18. Ne5 Ne4 19. Bf3 {0,0} Ng5 {Nd6 var bedre. +0,8} 20. Ng4 {b3 hadde vært
bedre. usikker på hvorfor, tipper det er fordi a-bonden min mister litt krutt.
-0,3} a4 21. a3 {Lxd5 hadde gitt +2,0 grunnet bindingen mot min D. den
taktikken overså vi begge.} Qb7 22. Rb1 Qb3 {Ta6 med ide om å få tårnet foran
D hadde gitt -0,7. dette gir bare +0,0} 23. h4 Qxd1 24. Rbxd1 {jeg var
overrasket over at han ikke tok med L, men dette er ikke så galt -0,3} Nxf3+
25. gxf3 f6 26. f4 e5 27. Ne3 {jeg hadde oversett Sxd5 her. det ser ut som
e5-trekket var litt for ambisiøst. men stockfish synes det er greit. 0,0 hvis
jeg trekker exf4 eller Tb8} exd4 {+0,6} 28. Rxd4 Rb8 29. Re2 Bb7 30. Nxd5 Bxd5
31. Rxd5 Rfe8 {her sier stockfish at riktig spill er Txe8..Txe8 og deretter
hvit T til b5 og evt b4 som samtidig beskytte b2. +2,1} 32. Kf1 {men dette gir
meg mulighet til å slippe unna. jeg trodde stillingen gikk fra tapende til
vinnende, men stockfish sier den er jevn, -0,1} Rxe2 33. Kxe2 Rxb2+ {ikke så
lett for hvit å vite hvor K skal. stockfish anbefaler Ke3 som beskytter f2 og
har kort vei til c4} 34. Kf3 {-0,9} Rb3 35. Rd8+ Kh7 36. Rd4 Rxc3+ 37. Ke4 {
Kg6 hadde gitt -4,8 her.} g6 {0,0} 38. Rd7+ Kg8 39. Rd8+ {Rc7 hadde vært bedre.
-1,5} Kf7 40. Rd7+ {Rc8 hadde vært bedre. -2,8} Ke6 41. Rc7 f5+ (41... Kd6 {
stockfish vil ha min K hit i løpet av dette eller et av de neste trekkene} 42.
Rc8 Rxa3 43. Rxc4 f5+ 44. Kd4 Rf3 45. Rc8 Rxf4+) 42. Kd4 {-1,7} Rxa3 43. Rxc4
Rf3 {Planen min fungerer ikke som planlagt uten min K På d6.0,0} 44. Rc6+ {
fordi denne sjakken ødelegger} Kd7 45. Rxg6 Rxf4+ 46. Ke5 Rxh4 47. Kxf5 Rh5+
48. Ke4 Ra5 49. Rxh6 a3 {hvit må spille Th1 og Ta1.0,0} 50. f4 {[%eval -32723,
0]} a2 51. Rh1 a1=Q 52. Rxa1 Rxa1 53. f5 Ke7 54. Ke5 Re1+ 55. Kf4 Kf6 56. Kg4
Rf1 57. Kh5 Rxf5+ {[%emt 0:00:02] Tf4 hadde vært matt i 2.} 58. Kg4 Kg6 59. Kg3
Kg5 60. Kg2 Kg4 61. Kg1 Kg3 0-1

[Event "Høstturneringen 2021"]
[Site "Ås, Viken NOR"]
[Date "2021.11.04"]
[Round "2"]
[White "Innset-Ekkje, Amandus"]
[Black "Heien, Aksel"]
[Result "0-1"]
[WhiteElo "1197"]
[BlackElo "1298"]
[PlyCount "120"]
[EventDate "2021.10.28"]

1. d4 d5 2. c4 c6 3. Nc3 Nf6 4. Bf4 a6 5. a4 e6 6. Nf3 Be7 7. e3 Bb4 8. Qb3 a5
9. Bd3 O-O 10. O-O Nbd7 11. Bg5 h6 12. Bh4 Re8 13. e4 dxe4 14. Nxe4 Be7 15. c5
Nxe4 16. Bxe7 Qxe7 17. Bxe4 f5 18. Bxf5 Kh8 19. Bc2 Nf6 20. Ne5 Kg8 21. Bg6 Rf8
22. Bc2 Rd8 23. Rad1 Nd5 24. Qd3 Nf6 25. Rfe1 Bd7 26. Re3 Be8 27. Ng6 Bxg6 28.
Qxg6 Qf7 29. Qxf7+ Kxf7 30. Bb3 Nd5 31. Bxd5 Rxd5 32. Re5 Rad8 33. Re4 Rxc5 34.
Rde1 Rc2 35. Rxe6 Rd7 36. h3 Rxb2 37. R6e2 Rxe2 38. Rxe2 Rxd4 39. Rb2 Rb4 40.
Rd2 Rxa4 41. Rd7+ Kg6 42. Rxb7 Ra1+ 43. Kh2 a4 44. Rb6 Rc1 45. Ra6 Rc4 46. Kg3
Rc3+ 47. Kf4 a3 48. Ke4 Rc2 49. Rxa3 Rxf2 50. Rg3+ Kf6 51. Rf3+ Rxf3 52. Kxf3
c5 53. Ke4 Kg5 54. g3 h5 55. Kd5 Kf5 56. Kxc5 Ke4 57. g4 hxg4 58. hxg4 Kf4 59.
g5 Kxg5 60. Kd4 Kf4 0-1

[Event "Høstturneringen 2021"]
[Site "Ås, Viken NOR"]
[Date "2021.11.11"]
[Round "3"]
[White "Aamodt, Peder Marcus"]
[Black "Johnson, David"]
[Result "1-0"]
[WhiteElo "1808"]
[BlackElo "1669"]
[Annotator "Aamodt, Peder Marcus"]
[PlyCount "73"]
[EventDate "2021.10.28"]

1. e4 e5 2. Nf3 Nc6 3. Bb5 Bc5 4. c3 a6 $6 {Ett ganske uvanlig trekk, som ser
ut til å gi hvit en behagelig fordel} (4... Nf6 {Har ca 2800 partier i
databasen og regnes som det beste trekket i stillingen}) (4... f5 {Har ca 1300
partier i databasen og er også teori}) 5. Bxc6 dxc6 6. Nxe5 Qe7 7. d4 Nf6 $2 {
Nå ser det ut som at hvit klarer å holde på bonden} (7... Bd6 {Er trekket som
jeg tror at svart burde ha spilt} 8. Qf3 $146 Bxe5 9. dxe5 Qxe5 10. Bf4 Qe7 11.
O-O {Og stillingen er mer behagelig for hvit, men svart står ikke sånn altfor
dårlig}) 8. O-O O-O 9. Bg5 $146 Bd6 10. Bxf6 Qxf6 11. Nf3 (11. Nd3 {Hadde vært
litt mer presist}) 11... Be7 12. Nbd2 Qg6 13. Ne5 Qe6 14. Qb3 Qh6 15. Ndf3 Bd6
16. Rad1 a5 17. c4 Qf4 18. Rfe1 c5 {nå mister svart enda en bonde} 19. Nd3 Qh6
20. e5 Be7 21. Nxc5 b6 (21... Bxc5 22. dxc5 a4 23. Qc3 {Dette ser ganske ille
ut for svart dette også}) 22. Ne4 {Dette var poenget med å spille e5. Hvis
svart spiller b6 så er det et fint felt på e4 for springeren} Bb7 23. d5 Rad8
24. Nd4 Qg6 25. Nb5 Rc8 26. Rd3 {Nå kommer tårnet med i angrepet} Qf5 27. Rf3
Qg6 28. Qd3 Bb4 $2 {Svart fjerner en av forsvarsbrikkene sine, og dette koster}
29. Rg3 Qh6 30. Nf6+ {en løper på e7 hadde kunne slått ut springeren} Kh8 31.
Rh3 Qxh3 32. Qxh3 gxf6 33. Re4 {Svart blir mattet} Bd2 34. Rh4 h6 35. Rxh6+
Bxh6 36. Qxh6+ Kg8 37. exf6 1-0

[Event "Høstturneringen 2021"]
[Site "Ås, Viken NOR"]
[Date "2021.11.11"]
[Round "3"]
[White "Lea, Per"]
[Black "Andersen, Odd"]
[Result "1-0"]
[WhiteElo "1686"]
[BlackElo "1695"]
[Annotator "Lea,Per"]
[PlyCount "69"]
[EventDate "2021.10.28"]

1. e4 c6 2. d4 d5 3. Nc3 dxe4 4. Nxe4 Nf6 5. Nxf6+ exf6 6. Be3 Bd6 7. Qd2 O-O
8. Bd3 Re8 9. O-O-O Be6 10. Kb1 ({Et naturlig trekk som f.eks.} 10. Nf3 {med
planen å fange løperen på a2 er å skyte seg selv i foten:} Bxa2 11. b3 Ba3#)
10... b5 11. Ne2 Nd7 12. Nf4 {Stockfish 14.1 vurderer denne stillingen som
fordelaktig for svart.} Bc4 13. h4 Bxd3 14. Qxd3 Nb6 {I sin bok "Win with the
Caro-Kann" (Gambit Publications Ltd 2021) anbefaler Sverre Johnsen og Torbjørn
Ringdal Hansen Kortsnoj-varianten (4...Sf6, 5....exf6) og en plan med å sette
tårnet på e8 og springeren på f8. (Ringdal Hansen er hovedansvarlig for dette
kapitlet)} 15. g4 Bxf4 16. Bxf4 Qd5 {Nå er svarts fordel sakte med sikkert
smuldret bort} 17. g5 f5 (17... Re4 18. Bc1 Re6) (17... Re6) (17... Qe4 {er
varianter som alle utlikner}) 18. Be5 {nå er det hvit som står litt bedre} g6
$2 (18... Nc4 19. f4 Rad8 {er nok fremdeles best for hvit, men svart har store
muligheter til å forsvare seg}) 19. h5 Qe4 $2 (19... Nd7 {påstås å være det
beste, men jeg synes det virker logisk å gå for forenklinger og dronningbytte})
20. hxg6 $2 ({Her brukte jeg lang tid på å analysere} 20. Qh3 {men fant ikke
noe vinnende etter} Re7 {siden svarts tårn har full kontroll langs 7.-raden
etter bondebytte på g6 når han slår tilbake med f-bonden Men det finner
selvsagt Stockfish:} 21. f3 (21. Bf6 Rc7 22. Rhe1 {et objektivt sett kanskje
enda bedre, men inneholder ikke morsomheten med løperofferet}) 21... Qd5 22.
Bg7 $3 {Som lyn fra klar himmel} Kxg7 23. hxg6 fxg6 (23... hxg6 $4 24. Qh7+ Kf8
25. Qh8#) 24. Qxh7+ Kf8 25. Qxg6 {Og svart er helt forsvarsløs i alle
varianter. Men hvordan kan to stakkars pensjonister se alt dette?}) 20... fxg6
21. Qxe4 $2 ({Stockfish påstår dette vinner:} 21. Qa3 Nc4 22. Qh3 Re7 23. Bf6
Rf7 24. Rhe1 Qd5 25. Re2 Qd7 26. Rde1 Nd6 27. Re7 Re8 28. R7e5 Ref8 29. f3 {
men jeg kan ikke se hvordan hvit skal komme videre her, selv om Stockfish
påstår at hvit har avgjørende fordel.}) (21. Qh3 Re7 22. Bf6 Rd7 23. Rhe1 {er
også godt, men det er ikke sikkert det er nok til å vinne}) 21... fxe4 22. Rh4
(22. Rde1 {som Stockfish foreslår, forkastet jeg på grunn av} Nc4 23. Rxe4 (23.
Bf4 {gir visstnok en liten fordel til hvit, men jeg ser ikke hvordan. Svarts
springer kan bli vel så plagsom som hvits løper, og i denne varianten har
heller ikke hvit fått med seg bonden.}) 23... Nd2+) 22... Re7 (22... Rf8 $1 {
Angrep er det beste forsvar!}) 23. Rxe4 Nd5 24. c3 Rf7 25. f4 Re8 26. Kc2 Ref8
27. Rf1 a5 ({Her trodde jeg} 27... Rf5 {vinner tilbake bonden siden tårnet på
f1 er ugardert, men det viser seg å være et synsbedrag. Jeg så ikke at hvit
kan spille} 28. Rfe1 Nxf4 29. Bd6 R8f7 30. Re8+ Kg7 31. Be5+ {selv om det
samme poenget dukket opp noen trekk seinere i partiet}) 28. b3 Nb6 29. Rfe1 a4
30. Bd6 axb3+ (30... Rd8 31. Re8+ Rxe8 32. Rxe8+ Kg7 33. Be5+ {ville vært en
enda bedre versjon av varianten i kommentaren ovenfor}) 31. axb3 Nd5 32. Bxf8
Rxf8 33. Re8 Rxe8 (33... Nxf4 {for ihvertfall å få med seg en bonde, strander
på} 34. Rxf8+ Kxf8 35. Rf1) 34. Rxe8+ Kf7 35. Re4 {Det gjenstår sannsynligvis
en del jobbing, men siden hvit har bonde over, vil jeg tippe at å ofre tilbake
kvaliteten på rett tidspunkt vil gi et vunnet bondesluttspill. Men svart så
ingen grunn til å kjempe i motbakke til langt på natt og ga derfor opp.} 1-0